Statistics for Best Atlanta Day Trips

Click here to take the quiz!

General Stats

  • This quiz has been taken 17 times
  • The average score is 14 of 20

Answer Stats

TimeCity% Correct
3h 36minSavannah
94%
2h 13minBirmingham
94%
3h 56minNashville
94%
1h 52minChattanooga
88%
4h 39minCharleston
88%
3h 19minKnoxville
88%
1h 38minColumbus
81%
1h 18minMacon
75%
2h 21minMontgomery
75%
3h 7minColumbia
75%
3h 55minCharlotte
75%
4h 54minJacksonville
69%
2h 11minAugusta
69%
1h 26minAthens
69%
4h 21minTallahassee
63%
3h 33minAsheville
56%
4h 37minMobile
56%
3h 23minHuntsville
38%
3h 2minTuscaloosa
25%
3h 22minMurfreesboro
13%

Score Distribution

Percentile by Number Answered

Percent of People with Each Score

Your Score History

You have not taken this quiz